000 01432 a2200277 4500
001 45865
005 20260407155730.0
008 260407a2004 arg spa d
003 AR-UNSa-BCEJYS
040 _aAR-UNSa-BCEJYS
_bspa
_cAR-UNSa-BCEJYS
080 _a369:331.5
_xSeguridad Social y Mercado Laboral
245 1 0 _aProtección social y mercado laboral
020 _a92-2-316538-5
264 1 _aSantiago :
_bOrganización Internacional de Trabajo
_c2004
300 _a197 p.
_c23 cm.
505 _a1. ¿Desarticulación o subordinación? Protección social y mercado laboral en América Latina / Fabio M. Bertranou – 2. América Latina: Estudio de la protección social y el empleo sobre la base de hogares / Leonardo Gasparini – 3. Argentina: Dinámica de la protección social y el mercado laboral, 1995-2002 / Jorge A. Paz – 4. Chile: Dinámica de la informalidad y la desprotección de la población en edad de trabajar, 1992-2002 / Ximena Quintanilla – 5. Uruguay: La cobertura de la seguridad social en el empleo, 1991-2002 / Marisa Bucheli.
041 _aspa
942 _cBK
590 _aniveau_biblio:m niveau_hierar:0
100 1 _aBucheli, Marisa
700 1 _aBertranou, Fabio M.
700 1 _aGasparini, Leonardo C.
700 1 _aPaz, Jorge Augusto
700 1 _aQuintanilla, Ximena
856 4 1 _uhttps://www.biblioeco.unsa.edu.ar/pmb/images/libros/L127205.jpg
_yImagen de portada
_qimage/jpeg
999 _c4034
_d4034